000 00215nam a2200109Ia 4500
100 _a#N/A
942 _cBK
245 _aSCJP - Sun Certified Programmer for JAVA
260 _b#N/A
546 _aENGLISH
999 _c20311
_d20311